00406nam a2200133 a 4500008004100000020001500041050001400056100001700070245006900087260004900156350000900205650004600214650001200260120416s1991 ||||||||||||||||| || u a0521414156 aQC 33 Lyo aLyons, Louis12aA practical guide to data analysis for physical science students aCambridge:bCambridge University Pressc1991 a0.00 aPHYSICS--EXPERIMENTS--STATISTICAL METHODS 0aPHYSICS